<?xml version="1.0" encoding="UTF-8"?>
<record
    xmlns:xsi="http://www.w3.org/2001/XMLSchema-instance"
    xsi:schemaLocation="http://www.loc.gov/MARC21/slim http://www.loc.gov/standards/marcxml/schema/MARC21slim.xsd"
    xmlns="http://www.loc.gov/MARC21/slim">

  <leader>01099nam a2200241 i 4500</leader>
  <controlfield tag="001">86208</controlfield>
  <controlfield tag="003">ES-MaACL</controlfield>
  <controlfield tag="005">20230906175410.0</controlfield>
  <controlfield tag="007">t|</controlfield>
  <controlfield tag="008">041209m19381940sp           ||||1| spa d</controlfield>
  <datafield tag="100" ind1="1" ind2=" ">
    <subfield code="a">Kester, Roy B.</subfield>
    <subfield code="9">67956</subfield>
  </datafield>
  <datafield tag="245" ind1="1" ind2="0">
    <subfield code="a">Contabilidad </subfield>
    <subfield code="b">: teor&#xED;a y pr&#xE1;ctica / </subfield>
    <subfield code="c">Roy B. Kester ; traducido y adptadop de la 3&#xAA; ed. norteamericana.</subfield>
  </datafield>
  <datafield tag="260" ind1=" " ind2=" ">
    <subfield code="a">Barcelona : </subfield>
    <subfield code="b">[s.n., </subfield>
    <subfield code="c">1938-1940] (</subfield>
    <subfield code="f">Tall. Graf. Ibero-Americanos)</subfield>
  </datafield>
  <datafield tag="300" ind1=" " ind2=" ">
    <subfield code="a">4 v. ; </subfield>
    <subfield code="c">23 cm.</subfield>
  </datafield>
  <datafield tag="505" ind1="8" ind2=" ">
    <subfield code="a">Contiene: V.I.: Principios de contabilidad / traducido por Angel Andany Sanz. -- V.II: Contabilidad superior / traducido por Orlando L&#xF3;pez-Hidalgo. -- V.III: Contabilidad aplicada / traducido por Jos&#xE9; M&#xAA; Andany Sanz. -- V.IV: Soluciones de los ejercicios pr&#xE1;cticos / traducidos por Angel Andany Sanz</subfield>
  </datafield>
  <datafield tag="700" ind1="1" ind2=" ">
    <subfield code="a">Andany Sanz, Angel.</subfield>
    <subfield code="9">21423</subfield>
  </datafield>
  <datafield tag="700" ind1="1" ind2=" ">
    <subfield code="a">Andany Sanz, Jos&#xE9; Mar&#xED;a.</subfield>
    <subfield code="9">21424</subfield>
  </datafield>
  <datafield tag="700" ind1="1" ind2=" ">
    <subfield code="a">L&#xF3;pez-Hidalgo, Orlando.</subfield>
    <subfield code="9">73699</subfield>
  </datafield>
  <datafield tag="740" ind1="0" ind2=" ">
    <subfield code="a">Principios de contabilidad.</subfield>
  </datafield>
  <datafield tag="740" ind1="0" ind2=" ">
    <subfield code="a">Conatabilidad superior.</subfield>
  </datafield>
  <datafield tag="740" ind1="0" ind2=" ">
    <subfield code="a">Contabilidad aplicada.</subfield>
  </datafield>
  <datafield tag="852" ind1=" " ind2=" ">
    <subfield code="a">ES-MaACL</subfield>
    <subfield code="j">F-15142-45 </subfield>
    <subfield code="b">R.18831</subfield>
  </datafield>
  <datafield tag="999" ind1=" " ind2=" ">
    <subfield code="c">86208</subfield>
    <subfield code="d">86208</subfield>
  </datafield>
  <datafield tag="952" ind1=" " ind2=" ">
    <subfield code="0">0</subfield>
    <subfield code="1">0</subfield>
    <subfield code="4">0</subfield>
    <subfield code="7">0</subfield>
    <subfield code="a">ATENEOM</subfield>
    <subfield code="b">ATENEOM</subfield>
    <subfield code="c">SPP2</subfield>
    <subfield code="d">2008-01-17</subfield>
    <subfield code="e">SC</subfield>
    <subfield code="l">0</subfield>
    <subfield code="o">F-15142-45</subfield>
    <subfield code="p">1090077</subfield>
    <subfield code="r">2023-02-23 00:00:00</subfield>
    <subfield code="w">2023-02-23</subfield>
    <subfield code="y">MONOGRAFIA</subfield>
  </datafield>
</record>
